| 000 | 01556nam2a22002531 4500 | ||
|---|---|---|---|
| 001 | rc\4727461 | ||
| 005 | 20250612163611.0 | ||
| 035 | _a(NLR Aleph) 008731709 | ||
| 090 |
_a9480570 _c9480570 |
||
| 100 | _a20130416d1963 |||y0rusy50 ca | ||
| 101 | 1 |
_arus _ceng |
|
| 102 | _aRU | ||
| 105 | _ay z ||||| | ||
| 200 | 1 |
_aВозникновение критического реализма в Америке. (1860-1920) _f[Вступ. статья Э.Х. Эйби _gКоммент. А. Мулярчика] |
|
| 210 |
_d1963 _aБ. м. |
||
| 215 | _a603 с. | ||
| 461 | 0 |
_1001rc\4727458 _12001#$aОсновные течения американской мысли$eАмер. литература со времени ее возникновения до 1920 г.$eВ 3 т.$eПер. с англ.$f[Ред. и коммент. В. Маликова$gВступ. статья Р. Самарина, с. 5-30]. Т. 1-3$vТ. 3 _1700#1$aПаррингтон$bВ.Л.$f1871-1929$gВернон Луис _99480554 _aПаррингтон, В.Л. (1871-1929) _cМосква _d1962-1963 _f[Ред. и коммент. В. Маликова _nИзд-во иностр. лит. _oАмер. литература со времени ее возникновения до 1920 г. : В 3 т. : Пер. с англ. _p3 т. _tОсновные течения американской мысли _vТ. 3 |
|
| 702 | 1 |
_aМулярчик _bА. _4212 |
|
| 702 | 1 |
_aЭйби _bЭ.Х. _4080 |
|
| 801 | 0 |
_aRU _bNLR _gpsbo |
|
| 801 | 1 |
_aRU _bELAR _2rusmarc |
|
| 852 |
_aNLR _j62-5/2377 |
||
| 942 | _cBOOK | ||
| 980 | _aNB | ||